01247nam a2200349Ia 450000500170000000700030001700800380002002000180005804000350007604100130011108400110012410000400013524500690017525000880024426400650033230000250039733600270042233700330044933800280048249000200051052100420053053400130057254500620058558600590064765000290070665000330073565000310076865000240079970000440082394200150086799900150088220220317000324.0ta210916r20122021ck 0 ser 0f spad d a9789588773216 aCO-BoRNBPbspaerdacCO-BoRNBP1 aspaheng aN COE11 aCoetzee, John Maxwelld1940-eautor10aDesgracia cJ. M. Coetzee ; traducido por Miguel Martínez-Lage aSegunda ediciónbPrimera reimpresión, Sexta reimpresión, Octava reimpresión 4aBogotábDebolsillobPenguin Random Housec2013c2019c2021 a270 páginasc22 cm atextobtxt2rdacontent asin mediaciónbn2rdamedia avolumenbnc2rdacarrier0 aContemporánea aRecomendado para un público adulto  tDisgrace aIncluye datos biográficos del autor al inicio del texto aAutor galardonado con el Premio Nobel Literatura, 200317aNovela sudafricana2LEMB17aLiteratura sudafricana2LEMB17aAutores sudafricanos2LEMB17aVejezvNovela2LEMB1 aMartinez-Lage, Migueletraductor918900 2loccBKLIT c3719d3719